| 000 | 00750nam a2200205 i 4500 | ||
|---|---|---|---|
| 001 | 24344 | ||
| 003 | ES-MaACL | ||
| 005 | 20250915213454.0 | ||
| 007 | t| | ||
| 008 | 021217m19231824sp ||||1| spa d | ||
| 245 | 0 | 0 |
_aAntologĂa americana / _cAlberto Ghiraldo. |
| 260 |
_aMadrid : _bRenacimiento, _c1923-[1924] ( _fCaro Raggio) |
||
| 300 |
_a5 v. ; _c20 cm. |
||
| 505 | 8 | _aContiene: v. 1-2. Precursores (316, 350 p.) -- v. 3. Lira heroica (257 p.) -- v. 4. Lira romántica (359 p.) -- v. 5. Anecdotario (292 p.) | |
| 650 | 4 |
_aLiteratura hispanoamericana- _yS.XIX. _9163222 |
|
| 650 | 0 | 4 |
_aLiteratura hispanoamericana- _yS.XX. _9183405 |
| 700 | 1 |
_aGhiraldo, Alberto, _d1874-1946 _956573 |
|
| 852 |
_aES-MaACL _jE-3655-59 |
||
| 999 |
_c24344 _d24344 |
||